000 01027nam a2200277 a 4500
001 49703
003 BD-RjUL
005 20211209054721.0
008 160822t19611960enk b 001 0 eng d
035 _a(BD-RjUL)49823
040 _beng
_cBD-RjUL
_dBD-RjUL
_aBD-RjUL
041 _aeng
082 _223
_a364.363
_bCLD 1961
100 1 _aCloward, Richard A.
_9149015
245 1 0 _aDelinquency and opportunity :
_ba theory of delinquent gangs /
_cby Richard A. Cloward and Lloyd E. Ohlin.
260 _aLondon :
_bRoutledge & Kegan Paul,
_c1961
300 _axi, 220 p. ;
_c22 cm.
490 1 _aInternational library of sociology and social reconstruction (Routledge & Kegan Paul)
504 _aIncludes bibliographical references and index.
650 0 _aJuvenile delinquents.
_9143018
650 0 _aGangs.
_9149016
650 0 _aGang prevention.
_9149017
700 1 _aOhlin, Lloyd E.
_9149018
830 0 _aInternational library of sociology and social reconstruction (Routledge & Kegan Paul)
_9116496
942 _2ddc
_cBK
999 _c49703
_d49703